| 000 | 01665nam a2200433Ii 4500 | ||
|---|---|---|---|
| 001 | DIGFCE2266 | ||
| 003 | NyNyDIG | ||
| 006 | m o d | ||
| 007 | cr ||||||||||| | ||
| 008 | 240615t20232022mx o 000 j spa d | ||
| 035 | _a(OCoLC)1442066948 | ||
| 040 |
_aDGITA _beng _erda _epn _cDGITA |
||
| 020 |
_a9786071678546 _q(electrónico-epub) |
||
| 020 |
_a9786071678751 _q(electrónico-mobi) |
||
| 020 |
_z9786071677716 _q(rústica) |
||
| 050 | 1 | 4 | _aPQ7298.416.E73 ebook |
| 100 | 1 |
_aFernández, Adela, _eauthor. |
|
| 245 | 1 | 0 |
_aCuentos reunidos / _cAdela Fernández ; prólogo, Jazmín G. Tapia Vázquez. |
| 250 | _aPrimera edición en libro electrónico. | ||
| 264 | 1 |
_aCiudad de México : _bFondo de Cultura Económica, _c2023. |
|
| 264 | 4 | _c©2022 | |
| 300 | _a1 online resource. | ||
| 336 |
_atext _btxt _2rdacontent |
||
| 337 |
_acomputer _bc _2rdamedia |
||
| 338 |
_aonline resource _bcr _2rdacarrier |
||
| 347 |
_atext file _2rdaft |
||
| 347 | _bEPUB | ||
| 490 | 1 | _aLetras mexicanas | |
| 588 | 0 | _aOnline resource; title from ePub title page (Digitalia, viewed June 15, 2024) | |
| 655 | 7 |
_aShort stories. _2lcgft |
|
| 700 | 1 |
_aTapia Vázquez, Jazmín G, _econtributor agent of text. |
|
| 776 | 0 | 8 |
_iPrint version: _aFernández, Adela. _tCuentos reunidos. _bPrimera edición. _dCiudad de México : Fondo de Cultura Económica, 2022 _z9786071677716 |
| 791 | 2 |
_aDigitalia (Firm), _edistributor. |
|
| 793 | 0 |
_gDigitalia eBook Collection: _aFondo de Cultura Económica |
|
| 830 | 0 | _aLetras mexicanas. | |
| 856 | 4 | 0 |
_3Digitalia Hispánica _uhttps://www.digitaliapublishing.com/a/134066/ |
| 910 | _aPremium collection: 2024 | ||
| 942 | _cRAA | ||
| 999 |
_c283019 _d283019 |
||